Puebla de los Ángeles : (Record no. 66139)
[ view plain ]
| 000 -LEADER | |
|---|---|
| fixed length control field | 00940cam a2200217 a 4500 |
| 008 - FIXED-LENGTH DATA ELEMENTS--GENERAL INFORMATION | |
| fixed length control field | 041215s2002 mx 000 0 spa u |
| 020 ## - INTERNATIONAL STANDARD BOOK NUMBER | |
| International Standard Book Number | 9688635928 |
| 100 1# - MAIN ENTRY--PERSONAL NAME | |
| Personal name | Thomson, Guy P.C. |
| 245 10 - TITLE STATEMENT | |
| Title | Puebla de los Ángeles : |
| Remainder of title | industria y sociedad de una ciudad mexicana 1700-1850 / |
| Statement of responsibility, etc | Guy P.C. Thomson ; tr. de Carlos Avila Flores. |
| 250 ## - EDITION STATEMENT | |
| Edition statement | 1a ed. |
| 260 ## - PUBLICATION, DISTRIBUTION, ETC. (IMPRINT) | |
| Place of publication, distribution, etc | Puebla, Pue., Mex. : |
| Name of publisher, distributor, etc | Benemérita Universidad Autónoma de Puebla : |
| -- | Gobierno del Estado de Puebla : |
| -- | Universidad Iberoamericana Puebla : |
| -- | Instituto de Investigaciones José María Luis Mora, |
| Date of publication, distribution, etc | 2002. |
| 300 ## - PHYSICAL DESCRIPTION | |
| Extent | 539 p. ; |
| Dimensions | 23 cm. |
| 500 ## - GENERAL NOTE | |
| General note | 3 ejemplares |
| 650 #4 - SUBJECT ADDED ENTRY--TOPICAL TERM | |
| Topical term or geographic name as entry element | Industrias |
| Geographic subdivision | Puebla (Ciudad) |
| General subdivision | Historia |
| Chronological subdivision | Siglo XVIII |
| 650 #4 - SUBJECT ADDED ENTRY--TOPICAL TERM | |
| Topical term or geographic name as entry element | Industrias |
| Geographic subdivision | Puebla (Ciudad) |
| General subdivision | Historia |
| Chronological subdivision | Siglo XIX |
| 651 #4 - SUBJECT ADDED ENTRY--GEOGRAPHIC NAME | |
| Geographic name | Puebla (Ciudad) |
| General subdivision | Condiciones económicas |
| 700 1# - ADDED ENTRY--PERSONAL NAME | |
| Personal name | Avila Flores, Carlos, tr. |
| 942 ## - ADDED ENTRY ELEMENTS (KOHA) | |
| Source of classification or shelving scheme | Biblioteca del Cogreso de los Estados Unidos |
| Koha item type | Libro |
| Estado de pérdida | Fuente de clasificación | Estado del daño | No para préstamo | Ubicación permanente | Ubicación actual | Apartado o colección | Fecha de adquisición | Edición | Dependencia de educación superior (DES) | Área del conocimiento | Clasificación | Código de Barras | Date last seen | Número de copia | Tipo de recurso |
|---|---|---|---|---|---|---|---|---|---|---|---|---|---|---|---|
| Biblioteca del Cogreso de los Estados Unidos | Biblioteca del Instituto de Investigaciones Históricas | Biblioteca del Instituto de Investigaciones Históricas | General | 20/08/2018 | 1a ed. | Humanidades | Ciencias Sociales y Administrativas | HC138 .P8 T46 2002 | IIH000024671 | 20/08/2018 | C:1 | Libro | |||
| Biblioteca del Cogreso de los Estados Unidos | Biblioteca del Instituto de Investigaciones Históricas | Biblioteca del Instituto de Investigaciones Históricas | General | 20/08/2018 | 1a ed. | Humanidades | Ciencias Sociales y Administrativas | HC138 .P8 T46 2002 | IIH000024672 | 20/08/2018 | C:2 | Libro | |||
| Biblioteca del Cogreso de los Estados Unidos | Biblioteca del Instituto de Investigaciones Históricas | Biblioteca del Instituto de Investigaciones Históricas | General | 20/08/2018 | 1a ed. | Humanidades | Ciencias Sociales y Administrativas | HC138 .P8 T46 2002 | IIH000024673 | 20/08/2018 | C:3 | Libro |